Statistics for UEFA Champions League Group Stage 20-21

Click here to take the quiz!

General Stats

  • This quiz has been taken 6 times
  • The average score is 30 of 32

Answer Stats

GroupTeamWDLGDPts% Correct
DAjax21307
100%
DAtalanta321211
100%
AAtletico Madrid231-19
100%
GBarcelona5011115
100%
ABayern Munich5101316
100%
FBorussia Dortmund411713
100%
BBorussia Monchengladbach22278
100%
EChelsea4201214
100%
GDynamo Kyiv114-94
100%
GFerencvaros015-121
100%
BInter Milan132-26
100%
GJuventus5011015
100%
FLazio240410
100%
DLiverpool411713
100%
CManchester City5101216
100%
HManchester United30359
100%
CMarseille105-113
100%
DMidtjylland024-92
100%
COlympiacos105-83
100%
HParis Saint Germain402712
100%
CPorto411713
100%
BReal Madrid312210
100%
HRed Bull Leipzig402-112
100%
ESevilla411113
100%
BShakhtar Donetsk222-78
100%
FClub Brugge222-28
80%
HIstanbul Basaksehir105-113
80%
EKrasnodar123-55
80%
ALokomotiv Moscow033-53
80%
ARed Bull Salzburg114-74
80%
FZenit Saint Petersburg015-91
80%
EStade de Rennes015-81
60%

Score Distribution

Percentile by Number Answered

Percent of People with Each Score

Your Score History

You have not taken this quiz